United States Flags Map Quiz - Statistics

General Stats
  • This quiz has been taken 5,730 times
    5,006 since last reset
  • The average score is 20 of 50
Answers on the Map
Answers color-coded by a green-red scale on the quiz's map according to % correct below.
 
Answer Stats
Answer % Correct
California
86%
Texas
69%
Washington
62%
Alaska
60%
Oregon
60%
Wisconsin
56%
Arizona
56%
Hawaii
56%
New Mexico
55%
North Carolina
53%
Montana
53%
Colorado
52%
Oklahoma
50%
Arkansas
50%
Maryland
50%
Kansas
50%
Illinois
49%
Alabama
49%
South Carolina
48%
Ohio
47%
Iowa
46%
Florida
46%
Tennessee
42%
Louisiana
42%
Mississippi
40%
Wyoming
40%
South Dakota
38%
New York
35%
Rhode Island
35%
Indiana
34%
Georgia
33%
Delaware
30%
Virginia
28%
New Jersey
28%
Minnesota
28%
West Virginia
25%
North Dakota
25%
Pennsylvania
25%
Connecticut
24%
Michigan
24%
Massachusetts
24%
New Hampshire
23%
Nebraska
23%
Missouri
23%
Idaho
23%
Nevada
23%
Maine
22%
Utah
22%
Kentucky
21%
Vermont
20%
No matching quizzes found
Score Distribution
Percent of People with Each Score
Percentile by Number Answered
Your Score History
You have not taken this quiz since the last reset